000 00894cam a22002897a 4500
003 CHAP
005 20220329140809.0
008 971013s1984 r 00010 d
010 _a57780
011 _a58752
035 _a62908
040 _cCHAP
082 _a634.574
_bS6Y
100 0 0 _aSpina, Paolo.
_9109231
245 1 3 _aEl pistacho
260 _aMadrid :
_bMundi-Prensa,
_c1984
300 _a93 p.
_b: ilus.
590 _aBATCH-UPD
_b10
_c20130110
_lUCH01
_h0026
590 _aBATCH-UPD
_b10
_c20130110
_lUCH01
_h2310
590 _aCONVERSION
_b10
_c20130109
_lUCH01
_h1331
650 1 4 _aPistacho.
_988567
901 _aBK
942 _cLIBRO
949 _a634.574 S6Y
_bBC
_cLIBRO
_d33724000205555
_eLIBRO
_fc.2
_h62534
_i62908
_si
949 _a634.574 S6Y
_bBC
_cLIBRO
_d33724000205563
_eLIBRO
_fc.3
_h62581
_i62908
_si
949 _a634.574 S6Y
_bBC
_cLIBRO
_d33724000205571
_eLIBRO
_h62533
_i62908
_si
999 _c57780
_d57780